000 01326pam a2200397 i 4500
001 3210346
003 OSt
005 20140310184300.0
008 781201s1979 nyua j 000 1 eng
010 _a 78021786
020 _a0060239638 :
_c$5.95
020 _a0060239646 (lib. bdg.) :
_c$6.79
040 _aDLC
_cDLC
_dDLC
042 _alcac
050 0 0 _aPZ 7
_b.L797 1979
082 0 0 _a[E]
100 1 _aLobel, Arnold.
_93935
245 1 0 _aDays with frog and toad /
_cArnold Lobel
250 _a1st ed.
260 _aNew York :
_bHarper & Row,
_cc1979.
300 _a64 p. :
_bcol. ill. ;
_c22 cm.
490 0 _aAn I can read book
520 _aFrog and Toad spend their days together, but find sometimes it's nice to be alone.
521 _aG2
_bLexile
526 _c320
541 _j1
541 _j2
562 _eFor circulation. 2 copies in the collection
650 1 _aFrogs
_xFiction.
_922983
650 1 _aToads
_xFiction.
_922984
650 1 _aFriendship
_xFiction.
_922985
856 4 2 _3Publisher description
_uhttp://www.loc.gov/catdir/description/hc044/78021786.html
856 4 2 _3Contributor biographical information
_uhttp://www.loc.gov/catdir/enhancements/fy0910/78021786-b.html
906 _a7
_bcbc
_corignew
_d1
_eocip
_f19
_gy-gencatlg
942 _2lcc
_cBK-SCHOLAS
_kSB
999 _c33441
_d33441